000 00745 a2200277 4500
001 200130616
999 _c200130616
_d39132
003 TR-AnTOB
005 20230828101745.0
008 160506b tu n0 0 0
022 _a13087207
040 _aTEBT
041 _atur
050 _aJournal
_bBÜLT
090 _aJournal BÜLT
099 _aJOURNAL - BÜLT
245 0 _aBülten güzel sanatlar fakültesi
246 _aBülten GSF
260 _aEskişehir;:
_bAnadolu Üniversitesi Güzel Sanatlar Fakültesi;
300 _av. ;
_brnk, res.
_c29 cm.
310 _aAltı aylık.
650 0 _aArt
_vPeriodicals
_964528
650 7 _aSanat
_vSüreli yayınlar
_2etuturkob
_972879
856 _ahttp://www.gse.anadolu.edu.tr/
942 _cCR